<?xml version="1.0" encoding="UTF-8"?>
<record
    xmlns:xsi="http://www.w3.org/2001/XMLSchema-instance"
    xsi:schemaLocation="http://www.loc.gov/MARC21/slim http://www.loc.gov/standards/marcxml/schema/MARC21slim.xsd"
    xmlns="http://www.loc.gov/MARC21/slim">

  <leader>00373nam a2200145Ia 4500</leader>
  <controlfield tag="008">230718s9999    xx            000 0 und d</controlfield>
  <datafield tag="041" ind1=" " ind2=" ">
    <subfield code="a">eng</subfield>
  </datafield>
  <datafield tag="082" ind1=" " ind2=" ">
    <subfield code="a">005.73</subfield>
    <subfield code="b">POT</subfield>
  </datafield>
  <datafield tag="100" ind1=" " ind2=" ">
    <subfield code="a">Potdar G.P.</subfield>
  </datafield>
  <datafield tag="245" ind1=" " ind2=" ">
    <subfield code="a">Data Structures And Files</subfield>
  </datafield>
  <datafield tag="260" ind1=" " ind2=" ">
    <subfield code="c">1999</subfield>
    <subfield code="b">Technova Publication</subfield>
  </datafield>
  <datafield tag="365" ind1=" " ind2=" ">
    <subfield code="c">Rs.</subfield>
    <subfield code="b">190.00</subfield>
  </datafield>
  <datafield tag="700" ind1=" " ind2=" ">
    <subfield code="a">Potdar G.P.</subfield>
  </datafield>
  <datafield tag="906" ind1=" " ind2=" ">
    <subfield code="d">B:500424-Feb-1999</subfield>
    <subfield code="c">COMP</subfield>
    <subfield code="b">28.5</subfield>
  </datafield>
  <datafield tag="999" ind1=" " ind2=" ">
    <subfield code="c">298515</subfield>
    <subfield code="d">298515</subfield>
  </datafield>
  <datafield tag="952" ind1=" " ind2=" ">
    <subfield code="0">1</subfield>
    <subfield code="1">0</subfield>
    <subfield code="4">0</subfield>
    <subfield code="7">0</subfield>
    <subfield code="a">CCEP</subfield>
    <subfield code="b">CCEP</subfield>
    <subfield code="d">1999-02-26</subfield>
    <subfield code="e">Pradeep Book Distributors</subfield>
    <subfield code="f">COMP</subfield>
    <subfield code="g">161.50</subfield>
    <subfield code="i">5004</subfield>
    <subfield code="o">005.73</subfield>
    <subfield code="p">CCEP-BK-9721</subfield>
    <subfield code="r">2023-07-18 00:00:00</subfield>
    <subfield code="t">28.5</subfield>
    <subfield code="v">190.00</subfield>
    <subfield code="w">1999-02-24</subfield>
    <subfield code="y">BK</subfield>
    <subfield code="z">009721</subfield>
  </datafield>
</record>
